000 01402nam a2200337 a 4500
001 ebr10397737
003 CaPaEBR
006 m u
007 cr cn|||||||||
008 100720s2011 maua s 001 0 eng d
010 _z 2008940752
020 _z9781598638882
020 _z1598638882
020 _z1435455959
020 _z9781435455955 (e-book)
040 _aCaPaEBR
_cCaPaEBR
035 _a(OCoLC)650279576
050 1 4 _aHF5548.4.M523
_bF85 2011eb
100 1 _aUlrich-Fuller, Laurie,
_d1961-
245 1 0 _aPicture yourself learning Microsoft Excel 2010
_h[electronic resource] /
_cLaurie Ulrich Fuller ... [et al.].
260 _aBoston, Mass., U.S.A. :
_bCourse Technology PTR,
_c2011.
300 _axix, 330 p. :
_bcol. ill.
500 _aIncludes index.
505 0 _apt. 1. Just the basics -- pt. 2. Handling larger workbooks -- pt. 3. Working with graphics -- pt. 4. Using Excel tools.
533 _aElectronic reproduction.
_bPalo Alto, Calif. :
_cebrary,
_d2010.
_nAvailable via World Wide Web.
_nAccess may be limited to ebrary affiliated libraries.
630 0 0 _aMicrosoft Excel (Computer file)
650 0 _aElectronic spreadsheets
_xComputer programs.
655 7 _aElectronic books.
_2local
710 2 _aebrary, Inc.
856 4 0 _uhttp://site.ebrary.com/lib/rucke/Doc?id=10397737
_zAn electronic book accessible through the World Wide Web; click to view
999 _c192181
_d192181